| 000 | 01431cgm a2200301 4500 | ||
|---|---|---|---|
| 001 | M94626 | ||
| 008 | 090401t1994 xxu||||| |||| 00| 0 eng d | ||
| 020 | _a0947763961 | ||
| 035 | _a(Sirsi) u89248 | ||
| 041 | _aeng | ||
| 050 |
_a690.25 _c18 |
||
| 100 | _aEndean, Kenneth F. | ||
| 245 |
_aBuilding defects in modern industrial buildings _ba CPD study pack |
||
| 250 | _a2nd ed. | ||
| 260 |
_aReading _bCollege of Estate Management _c1994 |
||
| 300 |
_avi, 41p. _bill. _c30cm. |
||
| 350 | _a28.5 | ||
| 490 | _aCollege of Estate Management CPD Study Pack | ||
| 520 | _aWhen defects are encountered in brand new buildings, particularly those of innovative construction, precedent may be irrelevant. This pack provides an insight into both the nature and the causes in defects in modern industrial buildings. It explains some of the defects associated with recently introduced materials and components, and the possible influences of the management of the building process. It gives guidance on how to investigate unusual building defects and organise and verify remedial works. | ||
| 520 | _aWithdrawn September 2007. Supersedes first edition (ISBN 0947763740) | ||
| 520 | _aDoes not include an audio cassette. | ||
| 650 | _aBUILDING DEFECTS | ||
| 650 | _aINDUSTRIAL BUILDINGS | ||
| 690 | _aBUILT ENVIRONMENT-BUILDING PATHOLOGY | ||
| 710 |
_aCollege of Estate Management _9400 |
||
| 942 | _n0 | ||
| 948 | _c23/10/1998 | ||
| 999 |
_c85372 _d85372 |
||